Library Banner

LA+ Interndisciplinary journal of landscape architecture / (Record no. 107190)

MARC details
000 -LEADER
fixed length control field 00438nam a22001457a 4500
005 - DATE AND TIME OF LATEST TRANSACTION
control field 20180831111523.0
008 - FIXED-LENGTH DATA ELEMENTS--GENERAL INFORMATION
fixed length control field 180831b ||||| |||| 00| 0 eng d
020 ## - INTERNATIONAL STANDARD BOOK NUMBER
International Standard Book Number 9781939621405
040 ## - CATALOGING SOURCE
Transcribing agency PK-LaUMT
082 ## - DEWEY DECIMAL CLASSIFICATION NUMBER
Classification number 712
Item number LAP-
245 ## - TITLE STATEMENT
Title LA+ Interndisciplinary journal of landscape architecture /
Statement of responsibility, etc edited by Tatum L. Hands
260 ## - PUBLICATION, DISTRIBUTION, ETC. (IMPRINT)
Place of publication, distribution, etc China:
Name of publisher, distributor, etc University of Pennsylvania School of Design,
Date of publication, distribution, etc 2016
300 ## - PHYSICAL DESCRIPTION
Extent 117 p.
942 ## - ADDED ENTRY ELEMENTS (KOHA)
Koha item type Books
Holdings
Withdrawn status Lost status Damaged status Home library Current library Date acquired Full call number Barcode Date last seen Price effective from Koha item type
      UMT Main Campus UMT Main Campus 2018-08-31 712 LAP- 124090 2018-08-31 2018-08-31 Books